[Event "Titled Tuesday intern op 20th May Late"]
[Site "Chess.com INT"]
[Date "2025.05.20"]
[Round "9"]
[White "Kracht, Raphael"]
[Black "Tkachenko, Erik"]
[Result "1-0"]
[WhiteElo "2194"]
[BlackElo "2028"]
[PlyCount "137"]
[EventDate "2025.05.20"]
[EventType "swiss (blitz)"]
[EventRounds "11"]
[EventCountry "USA"]
[SourceTitle "CB22_2025"]
[SourceDate "2025.05.28"]
[SourceVersion "1"]
[SourceVersionDate "2025.05.28"]
[SourceQuality "1"]

1. d4 Nf6 2. Bg5 d5 3. Bxf6 exf6 4. e3 Bd6 5. c4 dxc4 6. Bxc4 Qe7 7. Nc3 c6 8. Nge2 b5 9. Bd3 0-0 10. Qc2 g6 11. h4 Na6 12. a3 b4 13. Ne4 bxa3 14. bxa3 c5 15. h5 cxd4 16. hxg6 hxg6 17. Nxd6 Qxd6 18. Bxg6 dxe3 19. Qe4 Rd8 20. Rh8+ Kg7 21. Rh7+ Kg8 22. Bxf7+ Kf8 23. Bd5 exf2+ 24. Kf1 Qe5 25. Rf7+ Ke8 26. Bc6+ Kxf7 27. Qxe5 fxe5 28. Bxa8 Bg4 29. Bb7 Nc5 30. Bc6 Rd2 31. Bb5 a6 32. Bc4+ Kf6 33. Kxf2 Ne4+ 34. Ke3 Bf5 35. Rf1 Rb2 36. Bd3 Nd6 37. g4 e4 38. Bxa6 Rb3+ 39. Kd4 Nb5+ 40. Bxb5 Rxb5 41. Rxf5+ Rxf5 42. gxf5 e3 43. Kxe3 Kxf5 44. Kd4 Ke6 45. Kc5 Kd7 46. Kb6 Kc8 47. Ka7 Kc7 48. a4 Kc6 49. a5 Kb5 50. a6 Kc6 51. Kb8 Kd5 52. a7 Ke4 53. a8Q+ Ke3 54. Nd4 Kxd4 55. Qa4+ Kc5 56. Kc7 Kd5 57. Qb4 Ke5 58. Qc4 Kf5 59. Qd4 Kg5 60. Qe4 Kf6 61. Qd5 Ke7 62. Qe5+ Kf7 63. Kd7 Kg6 64. Qf4 Kg7 65. Qf5 Kh6 66. Qg4 Kh7 67. Ke7 Kh6 68. Kf7 Kh7 69. Qh4# 1-0

[Event "Titled Tuesday intern op 20th May Late"]
[Site "Chess.com INT"]
[Date "2025.05.20"]
[Round "8"]
[White "Tkachenko, Erik"]
[Black "Eames, Robert"]
[Result "1-0"]
[WhiteElo "2028"]
[BlackElo "2136"]
[PlyCount "97"]
[EventDate "2025.05.20"]
[EventType "swiss (blitz)"]
[EventRounds "11"]
[EventCountry "USA"]
[SourceTitle "CB22_2025"]
[SourceDate "2025.05.28"]
[SourceVersion "1"]
[SourceVersionDate "2025.05.28"]
[SourceQuality "1"]

1. e4 c5 2. Nf3 Nc6 3. d4 cxd4 4. Nxd4 Nf6 5. Nc3 h5 6. Nxc6 bxc6 7. e5 Ng4 8. Qd4 Qa5 9. f4 Rb8 10. Bd2 Rb4 11. Qd3 Qb6 12. Nd1 Rxb2 13. Nxb2 Qxb2 14. Bc3 Qb6 15. Qd4 c5 16. Qd2 Bb7 17. Bd3 c4 18. Bf5 e6 19. Rd1 Bc6 20. Be4 Bc5 21. Bxc6 Qxc6 22. Rb1 0-0 23. Qe2 Bf2+ 24. Kd1 Bc5 25. Kc1 Ba3+ 26. Bb2 Bc5 27. h3 Be3+ 28. Kd1 Nf2+ 29. Ke1 Nxh1 30. Qxe3 Qxg2 31. Bd4 Ng3 32. Qf2 Qe4+ 33. Kd2 Nf5 34. Kc1 c3 35. Bxc3 Rc8 36. Rb3 Qh1+ 37. Kb2 Qe4 38. Qxa7 Ne3 39. Qxd7 Rf8 40. Qd3 Qxd3 41. cxd3 Nd5 42. Bd2 Rd8 43. a4 Ne7 44. a5 Nc6 45. a6 Ra8 46. Rb6 Nd4 47. Be3 Nf5 48. Bc5 Ng3 49. a7 1-0

[Event "Titled Tuesday intern op 26th Nov Late"]
[Site "Chess.com INT"]
[Date "2024.11.26"]
[Round "3"]
[White "Kollars, Dmitrij"]
[Black "Tkachenko, Erik"]
[Result "1-0"]
[WhiteElo "2641"]
[BlackElo "2028"]
[PlyCount "61"]
[EventDate "2024.11.26"]
[EventType "swiss (blitz)"]
[EventRounds "11"]
[EventCountry "USA"]
[SourceTitle "CB49_2024"]
[SourceDate "2024.12.04"]
[SourceVersion "1"]
[SourceVersionDate "2024.12.04"]
[SourceQuality "1"]

1. d4 d5 2. c4 e6 3. Nc3 Nf6 4. cxd5 exd5 5. Bg5 Be7 6. e3 0-0 7. Bd3 c6 8. Nge2 h6 9. Bh4 Nh5 10. Bxe7 Qxe7 11. 0-0 Bg4 12. Qd2 Bxe2 13. Nxe2 Nd7 14. Rae1 Rfe8 15. Bb1 g6 16. Nc3 f5 17. f3 Rad8 18. e4 dxe4 19. fxe4 f4 20. e5 Nf8 21. Qf2 Qd7 22. Rd1 Re7 23. Ne4 Ne6 24. Nd6 Rg7 25. Qh4 Nf8 26. Bxg6 Rxg6 27. Qxh5 Qg7 28. Kh1 Ne6 29. Nf5 Qh7 30. Ne7+ Qxe7 31. Qxg6+ 1-0

[Event "Titled Tuesday intern op 26th Nov Late"]
[Site "Chess.com INT"]
[Date "2024.11.26"]
[Round "2"]
[White "Tkachenko, Erik"]
[Black "Badacsonyi, Stanley Ethan Artie"]
[Result "0-1"]
[WhiteElo "2028"]
[BlackElo "2298"]
[PlyCount "48"]
[EventDate "2024.11.26"]
[EventType "swiss (blitz)"]
[EventRounds "11"]
[EventCountry "USA"]
[SourceTitle "CB49_2024"]
[SourceDate "2024.12.04"]
[SourceVersion "1"]
[SourceVersionDate "2024.12.04"]
[SourceQuality "1"]

1. e4 e6 2. d4 d5 3. e5 c5 4. c3 Nc6 5. Nf3 Bd7 6. Bd3 cxd4 7. cxd4 Qb6 8. 0-0 Nxd4 9. Nbd2 Nxf3+ 10. Nxf3 Bb5 11. Be3 Qa6 12. Bxb5+ Qxb5 13. Nd4 Qd7 14. f4 Bc5 15. Rc1 Bb6 16. f5 Ne7 17. fxe6 fxe6 18. Qg4 Nc6 19. Kh1 0-0-0 20. Nxc6 bxc6 21. Rxc6+ Qxc6 22. Rc1 Qxc1+ 23. Bxc1 Rhe8 24. Qxg7 Rf8 0-1

[Event "Titled Tuesday intern op 27th Aug Late"]
[Site "Chess.com INT"]
[Date "2024.08.27"]
[Round "6"]
[White "Gauri, Shankar"]
[Black "Tkachenko, Erik"]
[Result "1-0"]
[WhiteElo "2367"]
[BlackElo "2028"]
[PlyCount "103"]
[EventDate "2024.08.27"]
[EventType "swiss (blitz)"]
[EventRounds "11"]
[EventCountry "USA"]
[SourceTitle "EXT 2025"]
[Source "ChessBase"]
[SourceDate "2024.10.14"]
[SourceVersion "1"]
[SourceVersionDate "2024.10.14"]
[SourceQuality "1"]

1. d4 Nf6 2. Nf3 d5 3. c4 e6 4. g3 Bb4+ 5. Nbd2 0-0 6. Bg2 dxc4 7. 0-0 c3 8. bxc3 Bxc3 9. Rb1 Nc6 10. e3 Nd5 11. Ne4 Bb4 12. Qc2 f5 13. Nc5 Qe7 14. Nd3 Bd6 15. Bd2 a5 16. Qc4 Ra6 17. Rfc1 Rb6 18. Nfe5 Rxb1 19. Rxb1 Bxe5 20. dxe5 Rd8 21. f4 Ndb4 22. Nxb4 axb4 23. Be1 Na5 24. Qxb4 Qxb4 25. Bxb4 Nc4 26. Kf2 b6 27. Rc1 Ba6 28. Bf1 b5 29. a4 c6 30. axb5 cxb5 31. Ra1 Ra8 32. Bg2 Ra7 33. Bc5 Rc7 34. Bd6 Ra7 35. Bb8 Rd7 36. Rxa6 Rd2+ 37. Kg1 Nxe3 38. Bc6 b4 39. Ba7 Rd1+ 40. Kf2 Ng4+ 41. Ke2 Rb1 42. Ba4 Rb2+ 43. Kd3 Nxh2 44. Kc4 h5 45. Rxe6 Nf1 46. Re8+ Kh7 47. e6 Ra2 48. Kb3 Re2 49. Bb5 Re3+ 50. Kxb4 Nxg3 51. e7 Ne2 52. Bxe3 1-0

[Event "Titled Tuesday intern op 27th Aug Late"]
[Site "Chess.com INT"]
[Date "2024.08.27"]
[Round "1"]
[White "Tkachenko, Erik"]
[Black "Ibarra Jerez, Jose Carlos"]
[Result "1-0"]
[WhiteElo "2028"]
[BlackElo "2559"]
[PlyCount "47"]
[EventDate "2024.08.27"]
[EventType "swiss (blitz)"]
[EventRounds "11"]
[EventCountry "USA"]
[SourceTitle "EXT 2025"]
[Source "ChessBase"]
[SourceDate "2024.10.14"]
[SourceVersion "1"]
[SourceVersionDate "2024.10.14"]
[SourceQuality "1"]

1. e4 c5 2. Nf3 Nc6 3. d4 cxd4 4. Nxd4 e6 5. Nc3 Bc5 6. Nb3 Bb4 7. Bd3 Nge7 8. 0-0 0-0 9. Qh5 f5 10. Bg5 h6 11. exf5 exf5 12. Bc4+ Kh7 13. Nd5 Bd6 14. Nf6+ Rxf6 15. Bxf6 Qf8 16. Bc3 Ng6 17. Bd3 Nce7 18. Nd4 Nf4 19. Nxf5 g6 20. Nxe7 Bxe7 21. Qf3 d6 22. Rfe1 Bg5 23. Qe4 Bf5 24. Qxb7+ 1-0

[Event "Titled Tuesday intern op 27th Aug Late"]
[Site "Chess.com INT"]
[Date "2024.08.27"]
[Round "2"]
[White "Tkachenko, Erik"]
[Black "Thavandiran, Shiyam"]
[Result "1-0"]
[WhiteElo "2028"]
[BlackElo "2388"]
[PlyCount "55"]
[EventDate "2024.08.27"]
[EventType "swiss (blitz)"]
[EventRounds "11"]
[EventCountry "USA"]
[SourceTitle "EXT 2025"]
[Source "ChessBase"]
[SourceDate "2024.10.14"]
[SourceVersion "1"]
[SourceVersionDate "2024.10.14"]
[SourceQuality "1"]

1. e4 e6 2. d4 d5 3. e5 c5 4. c3 Nc6 5. Nf3 Bd7 6. Bd3 cxd4 7. cxd4 Nb4 8. Be2 Rc8 9. Nc3 a6 10. h4 h6 11. 0-0 Ne7 12. g4 h5 13. Bg5 hxg4 14. Nh2 Qb6 15. Bxg4 Ng6 16. Bh5 Nxh4 17. Bxh4 g6 18. Ng4 Be7 19. Bxe7 Kxe7 20. Nf6 gxh5 21. a3 Nc6 22. Ncxd5+ exd5 23. Nxd5+ Ke6 24. Nxb6 Rcg8+ 25. Kh2 Rg4 26. d5+ Ke7 27. Nxd7 Rhg8 28. Qxg4 1-0

[Event "US op 124th"]
[Site "Norfolk"]
[Date "2024.07.27"]
[Round "1"]
[White "Tkachenko, Erik"]
[Black "Vaibhav, Kalpaka"]
[Result "1-0"]
[WhiteElo "2029"]
[BlackElo "2073"]
[PlyCount "71"]
[EventDate "2024.07.27"]
[EventType "swiss"]
[EventRounds "9"]
[EventCountry "USA"]
[SourceTitle "EXT 2025"]
[Source "ChessBase"]
[SourceDate "2024.10.14"]
[SourceVersion "1"]
[SourceVersionDate "2024.10.14"]
[SourceQuality "1"]

1. e4 e5 2. Nf3 Nc6 3. Bc4 Bc5 4. c3 Nf6 5. d3 d6 6. h3 a5 7. Nbd2 0-0 8. 0-0 Be6 9. Re1 Nh5 10. d4 exd4 11. cxd4 Bxd4 12. Bxe6 fxe6 13. Nxd4 Nxd4 14. Nf1 e5 15. Qxh5 Nc2 16. Bg5 Qe8 17. Qxe8 Raxe8 18. f3 Re6 19. Ne3 Nxa1 20. Rxa1 Rg6 21. Bh4 Rxf3 22. Nd5 Kf7 23. Ne7 Rh6 24. gxf3 Rxh4 25. Nf5 Rxh3 26. Kg2 Rh5 27. Rc1 Rg5+ 28. Kf2 d5 29. Rxc7+ Kf6 30. Ng3 d4 31. Rxb7 h5 32. Nf5 Rg6 33. b3 Kg5 34. Rxg7 Rxg7 35. Nxg7 h4 36. Ne6+ 1-0